English vocabulary : (Record no. 134880)
[ view plain ]
| 000 -LEADER | |
|---|---|
| fixed length control field | 00737nam a22002297a 4500 |
| 005 - DATE AND TIME OF LATEST TRANSACTION | |
| control field | 20170124110236.0 |
| 010 ## - LIBRARY OF CONGRESS CONTROL NUMBER | |
| LC control number | A-861705 |
| 020 ## - INTERNATIONAL STANDARD BOOK NUMBER | |
| Terms of availability | 150.00 |
| International Standard Book Number | 8176030384 |
| 035 ## - SYSTEM CONTROL NUMBER | |
| System control number | A-861705 |
| 037 ## - SOURCE OF ACQUISITION | |
| Source of stock number/acquisition | Cen Lib/Ret |
| 040 ## - CATALOGING SOURCE | |
| Original cataloging agency | DPL |
| Language of cataloging | EN |
| 082 ## - DEWEY DECIMAL CLASSIFICATION NUMBER | |
| Classification number | 433.8 |
| Item number | PUR |
| 100 ## - MAIN ENTRY--PERSONAL NAME | |
| Personal name | Puri, G. K |
| 9 (RLIN) | 42051 |
| 245 ## - TITLE STATEMENT | |
| Title | English vocabulary : |
| Statement of responsibility, etc | by G. K. Puri [and] Saroj Puri |
| Remainder of title | for all competitive examinations / |
| 260 ## - PUBLICATION, DISTRIBUTION, ETC. (IMPRINT) | |
| Place of publication, distribution, etc | New Delhi |
| Name of publisher, distributor, etc | IIMS Publications |
| Date of publication, distribution, etc | 1994 |
| 270 ## - ADDRESS | |
| Address | 6/18, Jangpura Extension Near Masjid Road |
| City | New Delhi |
| Postal code | 110014 |
| 300 ## - PHYSICAL DESCRIPTION | |
| Extent | 180p. |
| Dimensions | 28cm(pbk) |
| 650 ## - SUBJECT ADDED ENTRY--TOPICAL TERM | |
| Topical term or geographic name as entry element | English language--Self-instruction |
| 9 (RLIN) | 42052 |
| 650 ## - SUBJECT ADDED ENTRY--TOPICAL TERM | |
| Topical term or geographic name as entry element | Vocabulary |
| 9 (RLIN) | 11022 |
| 700 ## - ADDED ENTRY--PERSONAL NAME | |
| Personal name | Puri, Saroj |
| 9 (RLIN) | 42053 |
| 942 ## - ADDED ENTRY ELEMENTS (KOHA) | |
| Source of classification or shelving scheme | Dewey Decimal Classification |
| Koha item type | English Books |
| Classification part | 433.8 |
| Call number suffix | PUR |
| Withdrawn status | Lost status | Damaged status | Not for loan | Collection code | Home library | Current library | Date acquired | Source of acquisition | Cost, normal purchase price | Total Checkouts | Full call number | Barcode | Date last seen | Copy number | Cost, replacement price | Price effective from | Koha item type |
|---|---|---|---|---|---|---|---|---|---|---|---|---|---|---|---|---|---|
| Not For Loan | Reference | Central Library | Central Library | 31/07/2015 | Cen Lib/Ret | 150.00 | 433.8 PUR | A-861705 | 31/07/2015 | 1 | 150.00 | 31/07/2015 | English Books |
